Intelligent Materials and Structures /

Сохранить в:
Библиографические подробности
Главный автор: Abramovich, Haim (autor)
Формат:
Язык:испанский
Опубликовано: Berlín, Alemania : De Gruyter, 2021, c2021
Редактирование:2a edición
Предметы:
Online-ссылка:Ver documento en línea
Метки: Добавить метку
Нет меток, Требуется 1-ая метка записи!

MARC

LEADER 00000nam^a2200000^a^4500
001 000445275
005 20251023000000.0
009 20260310123539.196
022 |a 9783110726220 
037 |a Acervo ITESO - Biblioteca 
041 |a ESP 
082 |a 624. 1771  |b ABR 
100 |a Abramovich, Haim  |e (autor) 
245 1 0 |a Intelligent Materials and Structures /  |c H. Abramovich. 
250 |a 2a edición 
264 4 |a Berlín, Alemania :  |b De Gruyter,  |c 2021, c2021 
264 2 |a Cartagena, España :  |b Odilo [distribución],  |c 2022 
300 |a 1 libro electrónico en línea (494 p.) 
300 |a 1 recurso en línea 
336 |a datos para computadora  |b cod  |2 rdacontenido 
337 |a computadora  |b c  |2 rdamedio 
338 |a recurso en línea  |b cr  |2 rdasoporte 
506 1 |a 1 licencia 
521 |a Odilo 2022 EEnlace Departamento del Hábitat y Desarrollo Urbano 
649 |a XX 
650 |a Materiales de Construcción -  |x Tema Principal 
650 |a Diseño Estructural -  |x Tema Principal 
650 |a Estructuras 
650 |a Construcción 
650 |a Ingeniería Civil 
856 4 0 |u https://iteso-odilotk-es.ezproxy.iteso.mx/info/02501093  |y Ver documento en línea 
910 |a Fondo General 
920 |a Electrónicos - Libros en Línea 
930 |a Plataforma Digital 
905 |a 205 
901 |a 445275-1  |b IT2  |c EBO  |i C178570  |u 20250521 
902 |a https://opac.biblio.iteso.mx/vufind/Record/000445275